COMEDK Dental Buster : (Record no. 22284)
[ view plain ]
| 000 -LEADER | |
|---|---|
| fixed length control field | 00756nam a22001935a 4500 |
| 008 - FIXED-LENGTH DATA ELEMENTS--GENERAL INFORMATION | |
| fixed length control field | 160830s2014 ii a|||fr|||| 000 0 eng d |
| 020 ## - INTERNATIONAL STANDARD BOOK NUMBER | |
| International Standard Book Number | 9788123923918 |
| 040 ## - CATALOGING SOURCE | |
| Original cataloging agency | EG-ScBUE |
| Language of cataloging | eng |
| Transcribing agency | EG-ScBUE |
| 082 04 - DEWEY DECIMAL CLASSIFICATION NUMBER | |
| Edition number | 22 |
| Classification number | 617.60076 |
| Item number | COM |
| 245 ## - TITLE STATEMENT | |
| Title | COMEDK Dental Buster : |
| Remainder of title | previous Years Solved Papers / |
| Statement of responsibility, etc | [compiled by] Jeevitha Murugesh / editor-in-chief Narendranatha Reddy. |
| 260 ## - PUBLICATION, DISTRIBUTION, ETC. (IMPRINT) | |
| Place of publication, distribution, etc | New Delhi : |
| Name of publisher, distributor, etc | CBS Publishers & Distributors Pvt. Ltd., |
| Date of publication, distribution, etc | 2014. |
| 300 ## - PHYSICAL DESCRIPTION | |
| Extent | xi, 263 p. : |
| Other physical details | ill. ; |
| Dimensions | 22 cm. |
| 650 #7 - SUBJECT ADDED ENTRY--TOPICAL TERM | |
| Source of heading or term | BUEsh |
| 9 (RLIN) | 40774 |
| Topical term or geographic name as entry element | Dentistry |
| Form subdivision | Examinations, questions, etc. |
| 651 ## - SUBJECT ADDED ENTRY--GEOGRAPHIC NAME | |
| Source of heading or term | BUEsh |
| 653 ## - INDEX TERM--UNCONTROLLED | |
| Resource For college | |
| Arrived date list | August 2016 |
| 700 1# - ADDED ENTRY--PERSONAL NAME | |
| 9 (RLIN) | 40982 |
| Personal name | Murugesh, Jeevitha |
| Relator term | Compiler. |
| 700 1# - ADDED ENTRY--PERSONAL NAME | |
| 9 (RLIN) | 40983 |
| Personal name | Reddy, Narendranatha |
| Relator term | editor. |
| 942 ## - ADDED ENTRY ELEMENTS (KOHA) | |
| Source of classification or shelving scheme | Dewey Decimal Classification |
| Edition | 22 |
| Call number prefix | 617.60076 COM |
| Withdrawn status | Item status | Source of classification or shelving scheme | Damaged status | Not for loan | Vendor | Home library | Current library | Shelving location | Date acquired | Source of acquisition | Cost, normal purchase price | Serial Enumeration / chronology | Total Checkouts | Total Renewals | Full call number | Barcode | Date last seen | Date last borrowed | Cost, replacement price | Koha item type |
|---|---|---|---|---|---|---|---|---|---|---|---|---|---|---|---|---|---|---|---|---|
| Dewey Decimal Classification | Academic Bookshop | Central Library | Central Library | First floor | 30/08/2016 | Purchase | 86.50 | 9126 | 2 | 4 | 617.60076 COM | 000033163 | 15/07/2025 | 13/06/2023 | 108.13 | Book - Borrowing |